000 00674cam a2200217 4500500
005 20260405004049.0
041 _afre
042 _adc
100 1 0 _aOrtoli, Sven
_eauthor
245 0 0 _aÉdito : vous avez dit orwellien ?
260 _c2021.
500 _a51
690 _a1984
690 _aAntitotalitarisme
690 _aGeorge Orwell
690 _aInjustice
690 _aPolitique
690 _aSurveillance
786 0 _nPhilosophie magazine - Hors séries | Hors-série Hiver-Pritemps 2021 | HS48 | 2021-01-01 | p. 1-1 | 2104-9246
856 4 1 _uhttps://shs.cairn.info/magazine-philosophie-magazine-2021-hs48-page-1?lang=fr&redirect-ssocas=7080
999 _c2073356
_d2073356